| 000 | 00540cam a2200205 i 4500 | ||
|---|---|---|---|
| 020 | _a0123039509 | ||
| 040 | _cDLC | ||
| 082 | 0 | 0 | _a333 ACA 1980 A072 Co. |
| 100 | 1 | _aGriffin, James M., | |
| 245 | 1 | 0 | _aEnergy economics and policy / |
| 260 |
_aNew York : _bAcademic Press, _cc1980. |
||
| 300 |
_axiii, 370 p. : _bgraphs ; _c25 cm. |
||
| 500 | _aIncludes index. | ||
| 650 | 0 | _aPower resources. | |
| 650 | 0 | _aEnergy policy. | |
| 650 | 0 | _aEnergy development. | |
| 650 | 0 | _aEnergy conservation. | |
| 700 | 1 | _aSteele, Henry | |
| 942 | _cEK | ||
| 999 |
_c14938 _d14938 |
||